000 02328nam a22002537a 4500
999 _c64129
_d64129
003 Ge_BSU
005 20260414110214.0
008 260414s2024 ge ||||| |||| 00| 0 geo d
020 _a9789941337864
041 _ageo
080 _a338.003.13 : 338.24 ლ-65
100 _aლიპარტია, ზურაბ
_927305
245 _aეკონომიკური ეფექტიანობის მენეჯმენტის მეთოდოლოგია = The Methodology of Economic Effectiveness Management :
_b[მონოგრაფია] /
_c ზურაბ შალვას ძე ლიპარტია; სამეცნიერო რედაქტორები: ნოდარ ჭითანავა, რამაზ აბესაძე, კარლო ღურწკაია [და სხვა]; ყდის დიზაინერი ირაკლი უშვერიძე; სოხუმის სახელმწ. უნივერსიტეტი, ბიზნესისა და სოციალურ მეცნიერებათა ფაკულტეტი.
264 _aთბილისი :
_b უნივერსალი,
_c2024.
300 _a412 გვ. :
_bნახ. ;
_c29 სმ.
500 _aგარეკანი, თავფურცელი და ტექსტი ქართულ და ინგლისურ ენებზე.
504 _aბიბლიოგრაფია: გვ. 235-244 და 409-411.
653 _aეკონომიკური ეფექტიანობა. ეკონიმიკის მართვა.
700 _aჭითანავა, ნოდარ
_eსამეცნიერო რედაქტორი
_9802
700 _aაბესაძე, რამაზ
_eსამეცნიერო რედაქტორი
_9905
700 _aღურწკაია, კარლო და სხვ.
_eსამეცნიერო რედაქტორი
_927307
710 _aსოხუმის სახელმწ. უნივერსიტეტი.
_bბიზნესისა და სოციალურ მეცნიერებათა ფაკულტეტი.
_927308
942 _2udc
_cᲬᲘᲒᲜᲘ